000 00856nam a2200313Ia 4500
003 OSt
005 20220912144546.0
006 a|||||r|||| 00| 0
007 ta
008 220909b |||||||| |||| 00| 0 eng d
020 _a8178791013 (hbk)
020 _aSL0859730
024 _a193252
037 _cTextual
040 _aCSL
_beng
_cCSL
041 _aeng
082 _aL, P3
100 _aGoel Preeti; Jain Rita
245 0 _aSpectrum of health: wellness and lifestyle
260 _aNew Delhi
_b Sports publications
_c2003
300 _a293p. ill.
650 _a Family life education
650 _a Mass media in health education
650 _a Nutrition in health
650 _aHealth and hygiene
700 _aGoel Preeti; Jain Rita
942 _hL, P3
_cTEXL
_2CC
999 _c12022
_d12022